Denné osvetlenie budov bázované na chronobiológii a cirkadiánnej fotometrii

Na minha lista:
Detalhes bibliográficos
Autor principal: Hartman, Peter (Author)
Outros Autores: Hraška, Jozef (Thesis advisor)
Formato: Manuscrito Livro
Idioma:eslovaco
Publicado em: 2016
Assuntos:
Acesso em linha:http://is.stuba.sk/zp/portal_zp.pl?podrobnosti=102499
Tags: Adicionar Tag
Sem tags, seja o primeiro a adicionar uma tag!

MARC

LEADER 00000ntm a22000003a 4500
001 stuzp35777
003 SK-STU
005 20160827210203.0
007 ta
008 150427s2015----xo-----f-mn---000-0-slo-d
040 |a STU  |b slo 
041 0 |a slo 
100 1 |a Hartman, Peter  |u 010180  |k Z3  |4 aut  |U SvF Stavebná fakulta  |T SvF Katedra konštrukcií pozemných stavieb  |X 39278  |U V180  |Y 18  |7 A000039278 
242 0 1 |a Daylighting of Buildings Based on Chronobiology and Circadian Photometry  |y eng 
245 1 0 |a Denné osvetlenie budov bázované na chronobiológii a cirkadiánnej fotometrii 
260 |c 2016 
650 4 |a cirkadiánny systém  |2 slo 
650 4 |a experiment in situ  |2 slo 
650 4 |a Spektrálne charakteristiky denného svetla  |2 slo 
650 4 |a daylight spectral characteristics  |2 eng 
650 4 |a circadian system  |2 eng 
650 4 |a experiment in situ  |2 eng 
700 1 |a Hraška, Jozef  |u 010180  |k Z1  |4 ths  |U SvF Stavebná fakulta  |T SvF Katedra konštrukcií pozemných stavieb  |X 899  |U V180  |Y 18  |7 A000000899 
856 4 |u http://is.stuba.sk/zp/portal_zp.pl?podrobnosti=102499 
996 |b 284V041375  |c V* 3339/DP-1269  |l VVS  |s P  |a 0  |w stuzp35777_0001